Tecnoburocracia Sanitaria. (Registro nro. 464)
[ vista simple ]
| 000 -LEADER | |
|---|---|
| fixed length control field | 01203 am a2200301 a 4500 |
| 005 - FECHA ULTIMA MODIFICACION | |
| control field | 20240222133350.0 |
| 008 - CAMPO DE CONTROL (LIBRO) | |
| fixed length control field | 100701s1994||||ag # f |||| 001 0 spa d |
| 020 ## - INTERNATIONAL STANDARD BOOK NUMBER | |
| ISBN | 9509129887 |
| 041 ## - CODIGO DE IDIOMA | |
| Código de idioma del texto/pista de sonido o título separado | spa |
| 092 ## - SIGNATURA TOPOGRAFICA DEWEY LOCAL | |
| número de clasificación | 614.072 |
| libristica | 82 |
| sección | TEC |
| 245 ## - TITULO PROPIAMENTE DICHO | |
| Título | Tecnoburocracia Sanitaria. |
| Subtítulo y Título paralelo | Ciencia, ideología y profesionalización en la salud pública / |
| Mención de responsabilidad y remanente de la transcripción de la portada | Celia Iriart |
| 250 ## - MENCION DE EDICION | |
| Mención de edición | 1a ed. |
| 260 ## - PIE DE IMPRENTA | |
| Lugar de publicación, distribución, etc | Buenos Aires: |
| Nombre de la editorial, distribuidor, etc | Lugar Editorial; |
| Fecha de publicación | 1994. |
| 300 ## - DESCRIPCION FISICA | |
| Extension | 218 p. |
| 500 ## - NOTA GENERAL | |
| Nota general | Iriart, C. et al. (1994). Tecnoburocracia Sanitaria. Ciencia, ideología y profesionalización en la salud pública. (1a ed.). Buenos Aires : Lugar Editorial. |
| 590 ## - NOTAS LOCALES (RLIN) | |
| Nota local | Donación Editorial Lugar, Nov. 2005 |
| 653 ## - TÉRMINO INDIZADO - PALABRAS CLAVES | |
| Palabra clave | Política de formación de RR.HH en salud pública en Argentina |
| 653 ## - TÉRMINO INDIZADO - PALABRAS CLAVES | |
| Palabra clave | Profesionalización en salud pública |
| 653 ## - TÉRMINO INDIZADO - PALABRAS CLAVES | |
| Palabra clave | Ejes temáticos de la concepción sanitarista |
| 653 ## - TÉRMINO INDIZADO - PALABRAS CLAVES | |
| Palabra clave | Matriz teórico metodológica de la salud pública Argentina |
| 653 ## - TÉRMINO INDIZADO - PALABRAS CLAVES | |
| Palabra clave | Escuela de salud pública de la Universidad de Buenos Aires |
| 700 1# - ENTRADAS SECUNDARIAS - NOMBRE PERSONAL | |
| Nombre personal | Iriart, Celia |
| 9 (RLIN) | 22 |
| 700 1# - ENTRADAS SECUNDARIAS - NOMBRE PERSONAL | |
| Nombre personal | Nervi, Laura. |
| 9 (RLIN) | 22 |
| 700 1# - ENTRADAS SECUNDARIAS - NOMBRE PERSONAL | |
| Nombre personal | Olivier, Beatriz. |
| 9 (RLIN) | 23 |
| 700 1# - ENTRADAS SECUNDARIAS - NOMBRE PERSONAL | |
| Nombre personal | Testa, Mario. |
| 9 (RLIN) | 24 |
| 930 ## - NUMERO DE INVENTARIO | |
| Número de inventario | 1352 |
| 942 ## - ADDED ENTRY ELEMENTS (KOHA) | |
| Source of classification or shelving scheme | Dewey Decimal Classification |
| Item type | Libros |
| Estado de retiro | Existencia | Estado general | No para prestamo | Ubicación permanente | ubicación actual | Sala de ubicación | Fecha de adquisición | Total Checkouts | Número de clasificación | Código de barras | Date last seen | Número de ejemplar | Price effective from | Koha tipo de elemento (item) |
|---|---|---|---|---|---|---|---|---|---|---|---|---|---|---|
| Biblioteca Medicina | Biblioteca Medicina | Circulación | 13/05/2011 | 614.072 82 TEC | 1352 | 06/11/2014 | ej.1 | 13/05/2011 | Libros |